00612nam a2200145Ia 4500008004100000100001400041245007800055260017700133650001000310650001600320650002300336942000700359999001700366952008300383220216s9999 xx 000 0 und d aAlliang J 0aGeo-ecological study of rubber tree cultivation at high altitude in China bProceedings of the International Rubber Conference, Colombo, 1984, V1. Part 1; p19-46Proceedings of the International Rubber Conference, Colombo, 1984, V1. Part 1; p117-130 aChina aGeo-ecology aRubber cultivation cJS c59919d59919 00104078aMAINbMAINc10d2021-12-17l0r2021-12-17 00:00:00w2022-02-16yJS